000 00805nam a2200325Ia 4500
003 OSt
005 20140320090524.0
008 140130s9999 xx 000 0 und d
020 _a9780590603232
050 _aPZ 7
_b.L5827Kar 2003
100 _aLevy, Elizabeth.
245 _cElizabeth Levy.
_aThe karate class mystery /
260 _bScholastic Inc.,
_cc2003.
_aUSA :
300 _a46 p. :
_bcol. ill. ;
_c23 cm.
440 _v1
521 _aG2
526 _c440
650 _aKarate
_xFiction.
650 _aLost and found possessions
_xFiction.
650 _aMystery and detective stories.
942 _cBK
_2lcc
999 _c42106
_d42106